PREMIER LEAGUE CLUB BY LETTER (A-Z) - Statistics

General Stats
  • This quiz has been taken 36 times
  • The average score is 15 of 18
Answer Stats
Hint Answer % Correct
A (2) Arsenal / Aston Villa
100%
W (6) Watford / West Bromwich / West Ham United / Wigan Athletic / Wimbledon / Wolverhampton
100%
B (10) Barnsley / Birmingham City / Blackburn / Blackpool / Bolton / Bournemouth / Bradford City / Brentford / Brighton / Burnley
97%
L (4) Leeds United / Leicester City / Liverpool / Luton Town
97%
M (3) Manchester City / Manchester United / Middlesbrough
97%
N (3) Newcastle United / Norwich City / Nottingham Forest
97%
C (5) Cardiff City / Charlton Athletic / Chelsea / Coventry City / Crystal Palace
94%
E (1) Everton
94%
Q (1) Queens Park Rangers
90%
S (7) Sheffield United / Sheffield Wednesday / Southampton / Stoke City / Sunderland / Swansea City / Swindon Town
90%
F (1) Fulham
84%
H (2) Huddersfield Town / Hull City
77%
I (1) Ipswich Town
77%
D (1) Derby County
71%
R (1) Reading
65%
T (1) Tottenham Hotspur
65%
O (1) Oldham Athletic
61%
P (1) Portsmouth
61%
No matching quizzes found
Score Distribution
Percent of People with Each Score
Percentile by Number Answered
Your Score History
You have not taken this quiz